Normal view
MARC view
- S.A. Abidi
Entry Personal Name
001 - CONTROL NUMBER
- control field: 124133
003 - CONTROL NUMBER IDENTIFIER
- control field: NUST
005 - DATE AND TIME OF LATEST TRANSACTION
- control field: 20240706115243.0
008 - FIXED-LENGTH DATA ELEMENTS
- fixed length control field: 240706|| aca||aabn | a|a d
040 ## - CATALOGING SOURCE
- Original cataloging agency: NUST
- Transcribing agency: NUST
100 ## - HEADING--PERSONAL NAME
- Personal name: S.A. Abidi
670 ## - SOURCE DATA FOUND
- Source citation: Work cat.: (NUST): S.A. Abidi, Venturing Beyond Profit, 2003.
